Ganadores de Laliga Hypermotion - Estadísticas

Estadísticas generales
  • Esta prueba ha sido intentada 82 veces
  • La puntuación promedio es 11 de 15
Estadísticas de respuestas
Años Campeones % Correcto
24/25 Levante U. D.
95%
16/17 Levante U. D.
95%
12/13 Elche C. F.
83%
23/24 C. D. Leganés
79%
22/23 Granada C. F.
76%
21/22 U. D. Almería
74%
11/12 R. C. Real Deportivo de La Coruña
71%
13/14 S. D. Eibar
69%
14/15 Real Betis
67%
10/11 Real Betis
67%
20/21 R. C. D. Espanyol
64%
19/20 S. D. Huesca
64%
17/18 Rayo Vallecano
60%
15/16 Deportivo Alavés
53%
18/19 C. A. Osasuna
40%
No se encontraron pruebas coincidentes
Distribución de puntuación
Porcentaje de gente con cada puntuación
Porcentaje por número respondido
Historial de tus puntuaciones
No has intentado esta prueba.